000 01218nem0a2200313 4500
001 RU\NLR\cart\6568
005 20250617204630.0
035 _a(NLR Aleph) 004276673
090 _a2320244
_c2320244
100 _a20110610d1934 |||y0rusy50 ca
101 0 _arus
102 _aRU
120 _aayy xx||
123 1 _aa
_b1 500 000
200 1 _aАрктика
_bКарты
_dArctic
_fСост. Н.И. Любавин, Я.Я. Гаккель ; Ред. Р.Л. Самойлович, Д.Д. Руднев
206 _a1:10 000 000, 100 км в 1 см
210 _aЛенинград
_cВсесоюз. Арктич. ин-т Главсевморпути
_d1937
215 _a1 к.
_c2 цв.
_d91х117 см
509 0 1 _7ca
_aАрктика
_92633237
_3RU\NLR\auth_crt\5553
606 0 _aГидрологические суши
_92177899
_3RU\NLR\auth_crt\6685
606 0 _aИстория географических исследований
_92178409
_3RU\NLR\auth_crt\66307
620 _aРоссия
702 1 _aСамойлович
_bР. Л.
_4340
702 1 _aРуднев
_bД. Д
_4340
801 0 _aRU
_bNLR
_c20110610
_gPSBO
852 _aNLR
_bК
_j4-Арк 4/8
_m4425
_t4426
942 _cMAP
980 _aNB